000
00473nam a2200145Ia 4500
008
151213s9999 xx 000 0 und d
100
_a
এম এ জলিল।
245
_a
ঘূমের অরন্য তটে।
_c
এম এ জলিল।
260
_a
বরিশাল।
_b
পদ্ধা কম্পিউটার।
_c
1998
300
_a
9275 p.
650
_a
Bangla
650
_a
কবিতা
700
_a
এম এ জলিল।
999
_c
4741
_d
4741